[Event "Poti Aleksandria Cup"]
[Site "Poti"]
[Date "2011.07.17"]
[Round "7"]
[White "Kviriashvili, Ioseb"]
[Black "Barseghyan, Harutyun"]
[Result "1/2-1/2"]
[WhiteElo "2253"]
[BlackElo "1981"]
[PlyCount "87"]
[EventDate "2011.07.11"]
[EventType "swiss"]
[EventRounds "9"]
[EventCountry "GEO"]
[SourceTitle "CBM 143 Extra"]
[Source "ChessBase"]
[SourceDate "2011.08.29"]
[SourceVersion "1"]
[SourceVersionDate "2011.08.29"]
[SourceQuality "1"]

1. e4 e5 2. Nf3 Nc6 3. Bb5 a6 4. Bxc6 dxc6 5. 0-0 Bg4 6. h3 h5 7. d3 Qf6 8. Nbd2 Ne7 9. Re1 Ng6 10. d4 Nf4 11. hxg4 hxg4 12. Nh2 Nxg2 13. Re2 Nf4 14. Ndf1 Nxe2+ 15. Qxe2 exd4 16. Nxg4 Qh4 17. Nfh2 0-0-0 18. Bf4 f6 19. Bg3 Qh7 20. Rd1 c5 21. b4 cxb4 22. Qc4 Bd6 23. e5 fxe5 24. Nxe5 Qf5 25. Re1 Rde8 26. Qxd4 Bxe5 27. Rxe5 Rxe5 28. Qxe5 Qxe5 29. Bxe5 Re8 30. Ng4 Re6 31. Kf1 Rc6 32. Ne3 g6 33. Bd4 a5 34. Ke2 Rd6 35. Be5 Re6 36. Bg3 b5 37. Kd3 c5 38. Bf4 Kb7 39. Bh6 Kc6 40. Bg7 a4 41. Kd2 Rd6+ 42. Ke2 Rd7 43. Bf6 c4 44. f4 1/2-1/2

[Event "Tbilisi Municipality Cup"]
[Site "Tbilisi"]
[Date "2009.06.22"]
[Round "8"]
[White "Rasulov, Vugar Ural Oglu"]
[Black "Kviriashvili, Ioseb"]
[Result "1-0"]
[WhiteElo "2488"]
[BlackElo "2258"]
[PlyCount "135"]
[EventDate "2009.06.15"]
[EventType "swiss"]
[EventRounds "9"]
[EventCountry "GEO"]
[SourceTitle "CBM 130 Extra"]
[Source "ChessBase"]
[SourceDate "2009.07.02"]
[SourceVersion "2"]
[SourceVersionDate "2009.07.15"]
[SourceQuality "1"]

1. e4 e6 2. d4 d5 3. Nd2 Nf6 4. e5 Nfd7 5. Bd3 c5 6. c3 Nc6 7. Ne2 cxd4 8. cxd4 f6 9. exf6 Nxf6 10. 0-0 Bd6 11. Nf3 0-0 12. Bg5 Qc7 13. Bh4 Nh5 14. Qc2 h6 15. Bh7+ Kh8 16. Bg6 Nf4 17. Nxf4 Bxf4 18. Bg3 Qb6 19. Rad1 Bd7 20. Bh5 Kg8 21. Bg4 Bxg3 22. hxg3 Rf6 23. Rfe1 Raf8 24. Re3 a5 25. Qc3 Rc8 26. Qd2 Nb4 27. a3 Rc2 28. Qe1 Na6 29. b3 Nc7 30. a4 Na6 31. Ne5 Be8 32. Nd3 Bf7 33. Nf4 Rc6 34. Rc1 Qxd4 35. Rxc6 bxc6 36. Bxe6 Bxe6 37. Rxe6 Nb4 38. Re8+ Kh7 39. Qb1+ g6 40. Re7+ Kg8 41. Qe1 Rf7 42. Rxf7 Kxf7 43. Qe6+ Kf8 44. Qc8+ Ke7 45. Qe6+ Kf8 46. Qc8+ Ke7 47. Nxg6+ Kd6 48. Qd8+ Kc5 49. Qxa5+ Kd6 50. Qd8+ Kc5 51. Qa5+ Kd6 52. Qd8+ Kc5 53. Nf4 Qd1+ 54. Kh2 Qxb3 55. Qe7+ Kc4 56. Qe2+ Kc3 57. a5 Qc4 58. Qe1+ Kb3 59. Qb1+ Ka4 60. Qa1+ Kb5 61. Ne6 Qa2 62. Qc3 Qxa5 63. f4 Qb6 64. f5 c5 65. Qe5 Kc4 66. f6 Nd3 67. Qf5 Qd6 68. f7 1-0

[Event "Batumi BCSA op"]
[Site "Batumi"]
[Date "2003.07.22"]
[Round "6"]
[White "Kviriashvili, Ioseb"]
[Black "Haroutjunian, Dmitri"]
[Result "0-1"]
[WhiteElo "2257"]
[BlackElo "2270"]
[PlyCount "128"]
[EventDate "2003.07.16"]
[EventType "swiss"]
[EventRounds "9"]
[EventCountry "GEO"]
[SourceTitle "CBM 095 Extra"]
[Source "ChessBase"]
[SourceDate "2003.09.04"]
[SourceVersion "1"]
[SourceVersionDate "2003.09.04"]
[SourceQuality "1"]

1. e4 c5 2. c3 d5 3. exd5 Nf6 4. Qa4+ Nbd7 5. d4 Nxd5 6. dxc5 Qc7 7. Nf3 Qxc5 8. Bd3 g6 9. 0-0 Bg7 10. Qh4 0-0 11. Bh6 f6 12. b4 Qc7 13. a3 Bxh6 14. Qxh6 Qf4 15. Qxf4 Nxf4 16. Bc4+ Kg7 17. Bb3 Nb6 18. Re1 e5 19. Nbd2 Be6 20. g3 Nfd5 21. c4 Nc7 22. c5 Nbd5 23. Nc4 Rad8 24. Rac1 Ne7 25. Nfd2 Rd3 26. Bc2 Rd4 27. Be4 Bd5 28. Bxd5 Nexd5 29. Ne4 Ne6 30. Ned6 Rb8 31. f4 b6 32. fxe5 bxc5 33. exf6+ Kxf6 34. Ne4+ Kg7 35. bxc5 Nec7 36. Ned6 Rf8 37. Rf1 Rb8 38. Rf7+ Kg8 39. Rcf1 Rd3 40. Ne5 Rd2 41. Ng4 Ne6 42. Ne4 Re2 43. Nh6+ Kh8 44. Nf2 Ng5 45. Rc1 Nxf7 46. Nxf7+ Kg7 47. Nd6 Rbb2 48. Nde4 Nf6 49. Nxf6 Rxf2 50. Ng4 Rg2+ 51. Kf1 Rgc2 52. Rd1 Rxc5 53. h4 Rc7 54. a4 Rb4 55. Ne5 Rxa4 56. Kf2 Re4 57. Nf3 a5 58. Rd5 Ra7 59. Ng5 Rc4 60. Rd4 a4 61. Rd1 a3 62. Ra1 Rc2+ 63. Kf3 a2 64. Kf4 Rb2 0-1

[Event "GEO-ch 60th 1 Liga"]
[Site "Tbilisi"]
[Date "2000.04.??"]
[Round "6"]
[White "Kviriashvili, Ioseb"]
[Black "Gvetadze, Sofio"]
[Result "1/2-1/2"]
[WhiteElo "2252"]
[BlackElo "2183"]
[PlyCount "127"]
[EventDate "2000.??.??"]
[EventType "swiss"]
[EventRounds "9"]
[EventCountry "GEO"]
[SourceTitle "EXT 2004"]
[Source "ChessBase"]
[SourceDate "2003.11.25"]
[SourceVersion "1"]
[SourceVersionDate "2003.11.25"]
[SourceQuality "1"]

1. e4 c5 2. c3 Nf6 3. e5 Nd5 4. d4 cxd4 5. Nf3 Nc6 6. Bc4 Nb6 7. Bb3 d6 8. exd6 Qxd6 9. 0-0 Be6 10. Bxe6 Qxe6 11. Nxd4 Nxd4 12. Qxd4 Rd8 13. Qf4 g6 14. Be3 Bg7 15. Qf3 Rd7 16. Nd2 0-0 17. Nb3 Na4 18. Rfe1 Qa6 19. Bc5 Re8 20. Ba3 b5 21. Rad1 Rxd1 22. Qxd1 Qb7 23. Qd3 a6 24. Rd1 Nb6 25. Nc5 Qc8 26. b3 e6 27. Ne4 Qc6 28. Qf3 Rc8 29. Rd3 f5 30. Ng5 Qxf3 31. gxf3 Bxc3 32. Nxe6 b4 33. Bc1 Bf6 34. Be3 Rc6 35. Nd8 Bxd8 36. Rxd8+ Kg7 37. Kg2 g5 38. Bxb6 Rxb6 39. Kg3 Rc6 40. Rd5 Kf6 41. Rd4 Rb6 42. f4 g4 43. h3 gxh3 44. Kxh3 Ke6 45. Kh4 a5 46. Rd8 Rc6 47. Ra8 Rc2 48. Ra6+ Kd5 49. Rxa5+ Ke4 50. Kg3 Rc3+ 51. Kg2 Rd3 52. Ra7 h5 53. Rb7 Rd4 54. Kg3 h4+ 55. Kxh4 Kxf4 56. Rc7 Kf3+ 57. Kg5 f4 58. Rc4 Rd5+ 59. Kf6 Ra5 60. Rxb4 Rxa2 61. Ke5 Ra5+ 62. Ke6 Ra2 63. Ke5 Ra5+ 64. Ke6 1/2-1/2

[Event "GEO-ch 60th 1 Liga"]
[Site "Tbilisi"]
[Date "2000.04.??"]
[Round "8"]
[White "Kviriashvili, Ioseb"]
[Black "Pantsulaia, Levan"]
[Result "1/2-1/2"]
[WhiteElo "2252"]
[BlackElo "2013"]
[PlyCount "160"]
[EventDate "2000.??.??"]
[EventType "swiss"]
[EventRounds "9"]
[EventCountry "GEO"]
[SourceTitle "EXT 2004"]
[Source "ChessBase"]
[SourceDate "2003.11.25"]
[SourceVersion "1"]
[SourceVersionDate "2003.11.25"]
[SourceQuality "1"]

1. e4 c6 2. d4 d5 3. Nc3 dxe4 4. Nxe4 Bf5 5. Ng3 Bg6 6. Nf3 Nd7 7. h4 h6 8. h5 Bh7 9. Bd3 Bxd3 10. Qxd3 Qc7 11. Bd2 e6 12. c4 Ngf6 13. Ne4 Nxe4 14. Qxe4 Nf6 15. Qe2 Bd6 16. g3 0-0-0 17. 0-0-0 Rhe8 18. Bc3 c5 19. Kb1 Qc6 20. Rhe1 Nxh5 21. Ne5 Bxe5 22. dxe5 g6 23. Qe3 Rxd1+ 24. Rxd1 Ng7 25. Qxh6 Qe4+ 26. Kc1 Nf5 27. Qd2 Kb8 28. Qd3 Qxd3 29. Rxd3 Kc7 30. g4 Nd4 31. Bxd4 Rd8 32. Rf3 Rxd4 33. Rxf7+ Kc6 34. b3 Rxg4 35. Re7 Rf4 36. Rxe6+ Kd7 37. Rd6+ Ke7 38. Rxg6 Rxf2 39. a4 b6 40. a5 Re2 41. axb6 axb6 42. Rxb6 Rxe5 43. Kb2 Kd7 44. Ka3 Kc7 45. Rh6 Re3 46. Ka4 Rg3 47. Ra6 Kb7 48. Ra5 Kc6 49. Ra7 Kb6 50. Rf7 Rh3 51. Rf6+ Kc7 52. Rf2 Kb6 53. Ka3 Rg3 54. Kb2 Rh3 55. Rc2 Ka5 56. Rc3 Rh2+ 57. Ka3 Rh1 58. Rd3 Kb6 59. Kb2 Kc6 60. Kc3 Rc1+ 61. Kd2 Rh1 62. Ke3 Rh4 63. Kd2 Rh1 64. Kc2 Rh2+ 65. Rd2 Rh1 66. Kb2 Kb6 67. Rd6+ Kc7 68. Rf6 Kb7 69. Rf2 Kb6 70. Ka3 Ra1+ 71. Ra2 Rh1 72. Rg2 Ra1+ 73. Kb2 Rh1 74. Rg3 Rf1 75. Kc3 Rc1+ 76. Kd3 Rh1 77. Ke4 Rh4+ 78. Kf5 Rh5+ 79. Kg6 Rh1 80. Kf6 Rh6+ 1/2-1/2

[Event "GEO-ch 60th 1 Liga"]
[Site "Tbilisi"]
[Date "2000.04.??"]
[Round "4"]
[White "Kviriashvili, Ioseb"]
[Black "Shavtvaladze, Nikoloz"]
[Result "0-1"]
[WhiteElo "2252"]
[BlackElo "2333"]
[PlyCount "119"]
[EventDate "2000.??.??"]
[EventType "swiss"]
[EventRounds "9"]
[EventCountry "GEO"]
[SourceTitle "EXT 2004"]
[Source "ChessBase"]
[SourceDate "2003.11.25"]
[SourceVersion "1"]
[SourceVersionDate "2003.11.25"]
[SourceQuality "1"]

1. e4 c5 2. c3 d5 3. exd5 Qxd5 4. d4 Nf6 5. Nf3 Bg4 6. Be2 e6 7. 0-0 Nc6 8. h3 Bh5 9. Be3 cxd4 10. cxd4 Be7 11. Nc3 Qd6 12. Qb3 0-0 13. Rfd1 Rfd8 14. Rd2 Qb4 15. Qd1 Nd5 16. Nxd5 exd5 17. Rc1 Bf6 18. a3 Qb6 19. b4 h6 20. Rc5 a5 21. b5 Ne7 22. g4 Bg6 23. Ne5 Bh7 24. Bf3 Rac8 25. Rxc8 Rxc8 26. a4 Qd6 27. Qa1 Ng6 28. Nxg6 Bxg6 29. Rd1 Rc4 30. Rc1 b6 31. Rxc4 dxc4 32. Qc1 Bxd4 33. Qxc4 Bxe3 34. fxe3 Qg3+ 35. Bg2 Qxe3+ 36. Kh1 Kh7 37. Qc6 Qd4 38. Qb7 f6 39. Qc6 Bd3 40. Qf3 Bc2 41. Qc6 Bg6 42. Bd5 h5 43. gxh5 Bxh5 44. Be4+ Kh6 45. Qc1+ g5 46. Qc6 Bf7 47. Bf3 Kg7 48. Qc7 Qe3 49. Kg2 Qd2+ 50. Kh1 Qf4 51. Qc6 Qg3 52. Bg2 Qe1+ 53. Kh2 Qe5+ 54. Kh1 Qe6 55. Qc3 Qc4 56. Qe3 Qe6 57. Qc3 Qd6 58. Qe3 Bc4 59. Qe4 Qe6 60. Qb7+ 0-1

[Event "Decin op"]
[Site "Decin"]
[Date "1996.??.??"]
[Round "8"]
[White "Filipenko, Alexander V"]
[Black "Kviriashvili, Ioseb"]
[Result "1-0"]
[WhiteElo "2430"]
[BlackElo "2275"]
[PlyCount "101"]
[EventDate "1996.??.??"]
[EventType "swiss"]
[EventRounds "9"]
[EventCountry "CZE"]
[SourceTitle "CBM 053 Extra"]
[Source "ChessBase"]
[SourceDate "1996.09.01"]
[SourceVersion "1"]
[SourceVersionDate "1996.09.01"]
[SourceQuality "1"]

1. e4 e6 2. d4 d5 3. Nc3 Nf6 4. e5 Nfd7 5. f4 c5 6. Nf3 Nc6 7. Be3 a6 8. Qd2 b5 9. dxc5 b4 10. Ne2 Nxc5 11. 0-0-0 Ne4 12. Qe1 Qa5 13. Kb1 Bd7 14. Nfd4 Nxd4 15. Nxd4 Be7 16. Bd3 Nc5 17. Rf1 Nxd3 18. cxd3 0-0 19. g4 Qc7 20. Rc1 Qb8 21. Qd2 a5 22. Nc6 Bxc6 23. Rxc6 a4 24. Rfc1 Rd8 25. Bd4 Bf8 26. f5 exf5 27. gxf5 Re8 28. e6 fxe6 29. fxe6 b3 30. a3 Qd8 31. Qf4 Re7 32. Qf3 Qe8 33. Qxd5 Qg6 34. Bc5 Ra5 35. Rc8 Rxc5 36. R1xc5 Qxe6 37. Qxe6+ Rxe6 38. Rf5 Re1+ 39. Rc1 Rxc1+ 40. Kxc1 Bd6 41. h3 g6 42. Ra5 h5 43. Rxa4 g5 44. Kd1 Kf7 45. Ke2 Ke6 46. Re4+ Be5 47. Rb4 Bxb2 48. Rxb3 Bd4 49. Rb5 Bf6 50. a4 Kd7 51. a5 1-0

[Event "Berliner Sommer 13th"]
[Site "Berlin"]
[Date "1995.??.??"]
[Round "1"]
[White "Kviriashvili, Ioseb"]
[Black "Gleizerov, Evgeny"]
[Result "0-1"]
[WhiteElo "2270"]
[BlackElo "2540"]
[PlyCount "88"]
[EventDate "1995.08.??"]
[EventType "swiss"]
[EventRounds "9"]
[EventCountry "GER"]
[SourceTitle "CBM 047 Extra"]
[Source "ChessBase"]
[SourceDate "1995.09.01"]
[SourceVersion "1"]
[SourceVersionDate "1995.09.01"]
[SourceQuality "1"]

1. e4 e6 2. d4 d5 3. Nd2 Nf6 4. e5 Nfd7 5. Bd3 c5 6. c3 Nc6 7. Ne2 cxd4 8. cxd4 f6 9. exf6 Qxf6 10. Nf3 h6 11. 0-0 Bd6 12. a3 0-0 13. Bc2 Rd8 14. Qd3 Nf8 15. Ng3 Bd7 16. Bd2 Be8 17. Rac1 Bg6 18. Qe3 Rac8 19. Ba4 Ne7 20. Ne5 Nf5 21. Nxf5 Bxf5 22. Ba5 b6 23. Bb4 Bxe5 24. dxe5 Qh4 25. Qg3 Qd4 26. Rcd1 Qc4 27. Bb3 Qb5 28. Be7 Re8 29. a4 Qe2 30. Ba3 Bc2 31. Rde1 Qh5 32. h3 Ng6 33. Bxc2 Rxc2 34. b3 Rec8 35. Bb4 Qf5 36. Re3 Nf4 37. Kh2 d4 38. Rf3 g5 39. Rd1 Qe4 40. Bd6 R8c3 41. Rxc3 Rxc3 42. Qg4 Rc2 43. Qg3 d3 44. h4 Qe2 0-1

[Event "Berliner Sommer 13th"]
[Site "Berlin"]
[Date "1995.??.??"]
[Round "3"]
[White "Kviriashvili, Ioseb"]
[Black "Gutman, Lev"]
[Result "0-1"]
[WhiteElo "2270"]
[BlackElo "2470"]
[PlyCount "84"]
[EventDate "1995.08.??"]
[EventType "swiss"]
[EventRounds "9"]
[EventCountry "GER"]
[SourceTitle "CBM 047 Extra"]
[Source "ChessBase"]
[SourceDate "1995.09.01"]
[SourceVersion "1"]
[SourceVersionDate "1995.09.01"]
[SourceQuality "1"]

1. e4 c5 2. c3 Nf6 3. e5 Nd5 4. d4 cxd4 5. Nf3 d6 6. Qxd4 e6 7. exd6 Nc6 8. Bb5 Qxd6 9. Ne5 f6 10. Nxc6 bxc6 11. Be2 Be7 12. 0-0 0-0 13. c4 Nb4 14. Qc3 c5 15. Na3 a6 16. Nc2 Nc6 17. Rd1 Qc7 18. Qg3 Qxg3 19. hxg3 Rb8 20. b3 a5 21. Bd2 a4 22. bxa4 Ra8 23. Bf3 Bd7 24. Bf4 Be8 25. Bd6 Ra7 26. Rab1 Bxd6 27. Rxd6 Ne5 28. Rxe6 Bf7 29. Reb6 Bxc4 30. Ne3 Bxa2 31. Ra1 Nxf3+ 32. gxf3 Rxa4 33. Rc6 Bd5 34. Rxa4 Bxc6 35. Rc4 Bxf3 36. Rxc5 Rb8 37. g4 Rb4 38. Rc8+ Kf7 39. Rc7+ Kg6 40. Kh2 Bxg4 41. Nd5 Rd4 42. Ne7+ Kg5 0-1